A history of Japan to 1334
Đã lưu trong:
| Tác giả chính: | |
|---|---|
| Định dạng: | Sách |
| Ngôn ngữ: | Undetermined |
| Được phát hành: |
Stanford, California
Stanford University Press
1958
|
| Các nhãn: |
Thêm thẻ
Không có thẻ, Là người đầu tiên thẻ bản ghi này!
|
| Thư viện lưu trữ: | Trung tâm Học liệu Trường Đại học Cần Thơ |
|---|
| LEADER | 00458nam a2200169Ia 4500 | ||
|---|---|---|---|
| 001 | CTU_111935 | ||
| 008 | 210402s9999 xx 000 0 und d | ||
| 082 | |a 952.01 | ||
| 082 | |b S229 | ||
| 100 | |a Sansom, George | ||
| 245 | 2 | |a A history of Japan to 1334 | |
| 245 | 0 | |c George Sansom | |
| 260 | |a Stanford, California | ||
| 260 | |b Stanford University Press | ||
| 260 | |c 1958 | ||
| 904 | |i Hiếu | ||
| 980 | |a Trung tâm Học liệu Trường Đại học Cần Thơ | ||